| 000 | 00786nam a22002057a 4500 | ||
|---|---|---|---|
| 999 |
_c15821 _d15821 |
||
| 003 | AR-CdUCM | ||
| 008 | 190430b ||||| |||| 00| 0 spa d | ||
| 040 |
_aMUNICIPALIDAD PROVINCIAL DEL CUSCO _cBIBLIOTECA MUNICIPAL DEL CUSCO |
||
| 082 |
_a704.9 / _bR883 |
||
| 100 |
_aRowland, Benjamin _932599 |
||
| 245 | _aPinturas indias en las cavernas de ajanta / | ||
| 260 |
_aBarcelona : _bRauter, _c1963. |
||
| 300 |
_a28 páginas ; _bFotografías, _c16 cm. |
||
| 505 | _aContenido: Buda bajo el parasol -- Un pato sagrado -- El Buda Sakiamuni -- Monjes escuchando una predicación de Buda -- Sirvienta con un espantamoscas... | ||
| 650 |
_aBuda _935012 |
||
| 650 |
_aPinturas de la India _935013 |
||
| 650 |
_aDioses de la India _935014 |
||
| 942 |
_2ddc _cLIBROS |
||
| 945 |
_adavv _d30/04/2019 |
||